00306nam a22001097a 4500008004100000020002200041082001100063100002200074245004600096260003600142300001800178230406b |||||||| |||| 00| 0 eng d a978-1-4555-5063-0 a813.54 aConnelly, Michael aThe Concrete Blonde (A Harry Bosch Novel) bGrand Central Publishing,c2013 a550 p.c19 cm